LEADER 01458nam a2200301 a 4500 001 000000104455 003 CaOOAMICUS 005 20081210130017.0 008 070326s2005 it 001 0 ita d 020 $a88-311-9377-5 040 $aPUG$bita$dPUL$dLDB 245 00$aGalati, Efesini, Filippesi /$ca cura di Mark J. Edwards ; edizione italiana a cura di Carlo Dell'Osso ; introduzione generale di Angelo Di Bernardino. 246 33$aGalatians, Ephesians, Philippians 260 $aRoma :$bCittà Nuova,$cc2005. 300 $a331 p. ;$c25 cm 490 1 $aLa Bibbia commentata dai Padri.$aNuovo Testamento ;$v008 500 $aTesto su due col. 630 04$aBiblia.$pN.T.$pAd Ephesios.$0(OLS)http://pul/subject/15863 630 04$aBiblia.$pN.T.$pAd Galatas$xCommenti.$0(OLS)http://pul/subject/6279 630 04$aBiblia.$pN.T.$pAd Romanos$xCommenti.$0(OLS)http://pul/subject/1766 830 3$aLa Bibbia commentata dai Padri.$pNuovo Testamento ;$v008.$0(OLS)http://pul/title/101707 850 $aPUL 852 $aPUL$W1$xSL Religione 3$y85$m220. 705 COLL 2.8$j116862$qDDC 21$B116855$CPULBib$Z2$F116855 $H100537 $82 941 1 $a9 996 $6020$a88-311-9377-5$9(OLS)http://pul/number/133957 996 $6245$aGalati, Efesini, Filippesi$9(OLS)http://pul/title/131387 996 $6246$aGalatians, Ephesians, Philippians$9(OLS)http://pul/title/143359 996 $6260$aRoma :$bCittà Nuova$9(OLS)http://pul/publisher/47927 LEADER 01896nam a2200373 a 4500 001 000000136515 003 CaOOAMICUS 005 20160322110701.0 008 131129s2013 vc u000 u ita r 020 $a978-88-209-9197-5 032 $aLibriCat 040 $aPUL$bita 082 04$a262.9 110 2 $aPapi (2013-2025 : Franciscus).$0(OLS)http://pul/name/86910 245 10$aEsortazione apostolica Evangelii Gaudium del Santo Padre Francesco ai vescovi, ai presbiteri e ai diaconi, alle persone consacrate e ai fedeli laici sull'annuncio del Vangelo nel mondo attuale. 246 34$aEvangelii Gaudium 260 $aCittà del Vaticano :$bLibreria editrice vaticana,$c©2013. 300 $a264 p. ;$c17 cm 490 1 $aMagistero di Francesco ;$v02 504 $aBibliografia in nota. 610 24$aPapi (2013-2025 : Franciscus)$tEvangelii Gaudium.$0(OLS)http://pul/subject/41351 650 4$aEvangelizzazione$ySec. XXI.$0(OLS)http://pul/subject/27584 830 0$aMagistero di Francesco ;$v02.$0(OLS)http://pul/title/172766 850 $aPUL 852 $aPUL$W1$xSL Diritto Canonico 3$y77$m262. 9 FRANCIS 1$j157254$qDDC 21$B156710$CPULBib$Z2$F156710 $H136515 $82 900 $aFranciscus PP.,$d1936-2025$986910 900 $aFranciscus PP.,$d1936-2025$986910 941 1 $a9 996 $6020$a978-88-209-9197-5$9(OLS)http://pul/number/154042 996 $6082$a262.9$9(OLS)http://pul/classification/369 996 $6246$aEvangelii Gaudium$9(OLS)http://pul/title/172765 996 $6245$aEsortazione apostolica Evangelii Gaudium del Santo Padre Francesco ai vescovi, ai presbiteri e ai diaconi, alle persone consacrate e ai fedeli laici sull'annuncio del Vangelo nel mondo attuale$9(OLS)http://pul/title/172764 996 $6260$aCittà del Vaticano :$bLibreria editrice vaticana$9(OLS)http://pul/publisher/47920